Clubes que han sido campeón en la Liga española - Estadísticas

Estadísticas generales
  • Esta prueba ha sido intentada 241 veces
  • La puntuación promedio es 9 de 9
Estadísticas de respuestas
Total de Títulos Club % Correcto
27 F.C. Barcelona
100%
36 Real Madrid C.F.
100%
11 Atlético de Madrid
97%
6 Valencia C.F.
96%
1 Sevilla F.C.
95%
8 Athletic Club
94%
1 Real Betis
93%
1 R.C. Deportivo de la Coruña
90%
2 Real Sociedad
86%
No se encontraron pruebas coincidentes
Distribución de puntuación
Porcentaje de gente con cada puntuación
Porcentaje por número respondido
Historial de tus puntuaciones
No has intentado esta prueba.